00649nam a2200169Ia 4500001001000000003000500010008004100015010001100056040000900067100003500076245014700111260003500258300001000293502008700303650003900390710005000429Para_1208CHAP220125s1997 xx 000 0 und d a199934 cCHAP aRodríguez Méndez, Porfirio aAnálisis financiero de alternativas de control de malezas en cebolla (Allium cepa L.), de trasplante /c por Porfirio Rodríguez, Méndez aChapingo, Méx. :b El autor a57 h. aTesis (Ing. Agr. Esp. en Parasitología Agrícola), UACh. Depto. Parasitología aCebada x malas hierbas x control aUACh. Departamento Parasitología Agrícola